OPAC | Catalogo Arcigay delle biblioteche LGBTQIA+

Il Catalogo di Arcigay delle Biblioteche LGBTQIA+ è un servizio fornito grazie alla collaborazione tra Arcigay nazionale e le associazioni locali aderenti al progetto che conservano e rendono pubbliche biblioteche a tema LGBTQIA+.

La vita sessuale, l'impulso sessuale naturale, i costumi sessuali normali, la funzione generativa, la fisiologia e l'igiene sessuale : (Record no. 19437)

MARC details
000 -LEADER
campo di controllo lung. fissa 01840nam a22002417i 4500
001 - Numero di controllo
campo di controllo IT\ICCU\PUV\0512039
003 - Identificatore del numero di controllo
campo di controllo ItRI
005 - Data e orario dell'ultima transazione
campo di controllo 20260115232237.0
008 - Elementi di lunghezza fissa--Informazione generale
campo di controllo lung. fissa 000211s1921 it |||||| ||||| |||||c
015 ## - Numero della bibliografia nazionale
Fonte IT
Numero della bibliografia nazionale 1921 5181
024 70 - Altri identificatori standard
Numero standard o codice 349370
Fonte del numero o codice cubi
040 ## - Fonte della catalogazione
Lingua della catalogazione ita
Agenzia che fa la trascrizione importazione bologna sebina
041 #7 - Codice di lingua
Codice di lingua del testo/traccia sonora o titolo separato ita
Fonte del codice ISO-639-2
100 1# - Accesso principale -- nome di persona
Nome di persona Malchow, Charles William
Numero del record di authority o numero standard IT\ICCU\PUVV\227499
Relazione: aut
245 13 - Formulazione del titolo
Titolo La vita sessuale, l'impulso sessuale naturale, i costumi sessuali normali, la funzione generativa, la fisiologia e l'igiene sessuale :
Complemento del titolo trattato pei medici e per gli studenti /
Formulazione di responsabilità, ecc. di C. W. Malchow ; traduzione italiana del dott. Alessandro Clerici.
260 ## - Pubblicazione, distribuzione, ecc. (stampa)
Luogo di pubblicazione, distribuzione, ecc. Milano :
Nome dell'editore, distributore, ecc. Società editrice libraria,
Data di pubblicazione, distribuzione, ecc. 1921
300 ## - Descrizione fisica
Estensione XII, 320 p. ;
Dimensioni 20 cm.
520 ## - Riassunto, ecc.
Nota di riassunto, ecc. Il sesso è il fatto centrale della vita, e ogni moralismo o affettata modestia va lasciata da parte data l’urgente necessità di far luce su un argomento, che interessa grandemente, direttamente o indirettamente, ogni membro della società. Le situazioni creata da un esercizio improprio della funzione sessuale sono molte e complicate… Una grande responsabilità incombe al medico nel prevenire l’infelicità coniugale e le malattie nel matrimonio. Nella sua qualità di tutore della salute del suo cliente il medico dovrà anche dargli quelle informazioni e quei consigli che lo condurranno alla salute sessuale e alla felicità… Questa pubblicazione ha lo scopo di neutralizzare, per quanto è possibile, la deleteria influenza della letteratura corrente e di mettere in luce la verità scientifica in un campo che è stato finora mantenuto in una tenebra deplorevole.
650 #7 - Accesso aggiunto di soggetto--termine topico
Termine topico o nome geografico come accesso Sesso
700 1# - Accesso aggiunto--nome di persona
Nome di persona Clerici, Alessandro,
Date associate al nome (1865-1931)
Numero del record di authority o numero standard IT\ICCU\TO0V\168224
790 0# -
-- Ry
-- IT\ICCU\RAVV\579462
-- Clerici, Alessandro (1865-1931)
942 ## - Dati aggiuntivi (Koha)
Fonte della classificazione o dello schema di collocazione (segnatura) Classificazione decimale Dewey
Tipo copia default (Koha) Libri
Nasconto in Opac No
Holdings
Status ritirato Status smarrito: Status danneggiato: Escluso dal prestito Biblioteca di appartenenza Biblioteca corrente Data di acquisti Numero d'inventario Totale prestiti Collocazione Codice a barre Data ultima revisione Prezzo effettivo da Tipo copia default (Koha) Nota pubblica
        BOLOGNA | Centro di Documentazione "Flavia Madaschi" Cassero LGBTQIA+ Center BOLOGNA | Centro di Documentazione "Flavia Madaschi" Cassero LGBTQIA+ Center 15/01/2026 1043   DOC 613.96 MAL BO1043 15/01/2026 15/01/2026 Libri 1 v.
Se cerchi informazioni su Arcigay, le puoi trovare nel nostro sito: www.arcigay.it